[Event "Liga Insular Gran Canaria 1b Descenso"]
[Site "Las Palmas"]
[Date "2019.05.25"]
[Round "1.1"]
[White "Diaz Suarez, Cayetano"]
[Black "Ruiz Romero, Pedro"]
[Result "1-0"]
[WhiteElo "1868"]
[BlackElo "1796"]
[PlyCount "95"]
[EventDate "2019.05.25"]
[EventType "team-tourn"]
[EventRounds "3"]
[EventCountry "ESP"]
[SourceTitle "EXT 2021"]
[Source "ChessBase"]
[SourceDate "2020.10.23"]
[SourceVersion "1"]
[SourceVersionDate "2020.10.23"]
[SourceQuality "1"]
[WhiteTeam "Guia Univac II"]
[BlackTeam "Anand II"]
[WhiteTeamCountry "ESP"]
[BlackTeamCountry "ESP"]

1. Nf3 d5 2. e3 g6 3. c4 e6 4. b3 Bg7 5. Nc3 Nf6 6. Ba3 Ne4 7. Rc1 c5 8. cxd5 Nxc3 9. dxc3 Qa5 10. Bb2 0-0 11. Be2 exd5 12. 0-0 Be6 13. a4 Nc6 14. Ng5 Qb6 15. Nxe6 fxe6 16. Ba3 Qa5 17. Qc2 Rac8 18. h4 Bf6 19. g3 Bg7 20. h5 Ne7 21. Kg2 Qc7 22. Bg4 Qe5 23. Qe2 Rc6 24. Rc2 Rfc8 25. f4 Qc7 26. e4 dxe4 27. Qxe4 Nf5 28. hxg6 hxg6 29. Re1 Qb6 30. Qc4 Rd8 31. Rce2 Kf7 32. Bf3 Re8 33. Bxc6 Qxc6+ 34. Qe4 Qxe4+ 35. Rxe4 Bxc3 36. Rc1 Bd4 37. Bxc5 Bb2 38. Rc2 Rc8 39. Rxb2 Rxc5 40. g4 Ne7 41. Rc4 Rd5 42. Rc7 a5 43. Rxb7 Rd4 44. Kf3 Kf6 45. b4 axb4 46. R2xb4 Rd3+ 47. Ke4 Ra3 48. Ra7 1-0

[Event "Liga Insular Gran Canaria 1b"]
[Site "Las Palmas"]
[Date "2019.05.18"]
[Round "7.2"]
[White "Diaz Suarez, Cayetano"]
[Black "Falcon Alvarado, Miguel Angel"]
[Result "1-0"]
[WhiteElo "1868"]
[BlackElo "1596"]
[PlyCount "59"]
[EventDate "2019.03.02"]
[EventType "team-tourn"]
[EventRounds "7"]
[EventCountry "ESP"]
[SourceTitle "EXT 2021"]
[Source "ChessBase"]
[SourceDate "2020.10.23"]
[SourceVersion "1"]
[SourceVersionDate "2020.10.23"]
[SourceQuality "1"]
[WhiteTeam "Guia Univac II"]
[BlackTeam "Anand II"]
[WhiteTeamCountry "ESP"]
[BlackTeamCountry "ESP"]

1. e4 d6 2. d4 Nf6 3. Nc3 g6 4. Nf3 Bg7 5. Bc4 0-0 6. 0-0 c6 7. Bg5 b5 8. Bd3 b4 9. Ne2 Bg4 10. Ng3 Nbd7 11. h3 Bxf3 12. Qxf3 Qa5 13. Bd2 Qb6 14. Be3 c5 15. c3 Rac8 16. Qe2 a5 17. cxb4 cxd4 18. bxa5 Qa7 19. Bd2 h5 20. Rfc1 h4 21. Nf1 Nc5 22. b4 Nxd3 23. Qxd3 Nd7 24. Rxc8 Rxc8 25. Rc1 Rxc1 26. Bxc1 Ne5 27. Qb5 d3 28. Be3 Qc7 29. a6 Nd7 30. a7 1-0

[Event "Las Palmas Insular-chT Segunda 1718"]
[Site "Las Palmas"]
[Date "2017.10.28"]
[Round "1.1"]
[White "Diaz Suarez, Cayetano"]
[Black "D'Odorico, Roberto"]
[Result "1-0"]
[WhiteElo "1831"]
[BlackElo "1534"]
[PlyCount "47"]
[EventDate "2017.10.28"]
[EventType "team-swiss"]
[EventRounds "9"]
[EventCountry "ESP"]
[SourceTitle "EXT 2019"]
[Source "ChessBase"]
[SourceDate "2018.10.10"]
[SourceVersion "1"]
[SourceVersionDate "2018.10.10"]
[SourceQuality "1"]
[WhiteTeam "Guia Univac II"]
[BlackTeam "Maspalomas II"]
[WhiteTeamCountry "ESP"]
[BlackTeamCountry "ESP"]

1. e4 e6 2. d3 d5 3. Nd2 Nf6 4. Ngf3 c5 5. g3 Be7 6. Bg2 Nc6 7. 0-0 0-0 8. e5 Nd7 9. Re1 b6 10. Nf1 Bb7 11. c4 d4 12. Bf4 Qc7 13. h4 Nd8 14. N1h2 Qc8 15. Ng5 Bxg5 16. hxg5 Bxg2 17. Kxg2 Qb7+ 18. Kg1 Re8 19. Qh5 Nf8 20. Ng4 Kh8 21. Re4 Re7 22. Kg2 f5 23. exf6 g6 24. fxe7 1-0

[Event "Las Palmas Montalvo Memorial 10th"]
[Site "Las Palmas"]
[Date "2017.04.11"]
[Round "5"]
[White "Sgircea, Silvia Raluca"]
[Black "Diaz Suarez, Cayetano"]
[Result "1-0"]
[WhiteElo "2253"]
[BlackElo "1886"]
[PlyCount "91"]
[EventDate "2017.04.08"]
[EventType "swiss"]
[EventRounds "9"]
[EventCountry "ESP"]
[SourceTitle "CBM 177 Extra"]
[Source "ChessBase"]
[SourceDate "2017.04.27"]
[SourceVersion "1"]
[SourceVersionDate "2017.04.27"]
[SourceQuality "1"]

1. Nf3 Nf6 2. c4 e6 3. g3 b6 4. Bg2 Bb7 5. 0-0 c5 6. d4 Be7 7. Nc3 0-0 8. d5 exd5 9. cxd5 d6 10. Nd2 a6 11. a4 Nbd7 12. e4 Ne5 13. Qe2 Ra7 14. f4 Ng6 15. Nc4 Re8 16. Qd3 Nd7 17. Re1 Bf8 18. Bd2 Bc8 19. Re2 Qc7 20. Bf3 Qb8 21. Ra3 Nf6 22. Rb3 Rb7 23. Na3 Ra7 24. Nd1 Bg4 25. Bxg4 Nxg4 26. Ba5 Nf6 27. Rxb6 c4 28. Nxc4 Qc7 29. Rc6 Qd7 30. Nf2 Ne7 31. Nb6 Qb7 32. Rc1 Nd7 33. Nxd7 Qxd7 34. Bb6 Raa8 35. a5 Nc8 36. Bd4 Na7 37. Bxa7 Qxa7 38. Rc6 Reb8 39. Rec2 Rb5 40. Qd2 Rab8 41. Kg2 R8b7 42. Nd1 f5 43. exf5 Rc5 44. R2xc5 dxc5 45. d6 Rd7 46. Qd5+ 1-0

[Event "Las Palmas Montalvo Memorial 10th"]
[Site "Las Palmas"]
[Date "2017.04.10"]
[Round "4"]
[White "Diaz Suarez, Cayetano"]
[Black "Lopez Pereyra, Antonio"]
[Result "1-0"]
[WhiteElo "1886"]
[BlackElo "2160"]
[PlyCount "62"]
[EventDate "2017.04.08"]
[EventType "swiss"]
[EventRounds "9"]
[EventCountry "ESP"]
[SourceTitle "CBM 177 Extra"]
[Source "ChessBase"]
[SourceDate "2017.04.27"]
[SourceVersion "1"]
[SourceVersionDate "2017.04.27"]
[SourceQuality "1"]

1. e4 c5 2. Nf3 Nc6 3. d4 cxd4 4. Nxd4 e5 5. Nf3 Nf6 6. Nbd2 d5 7. Bb5 Bc5 8. 0-0 dxe4 9. Nxe5 0-0 10. Bxc6 bxc6 11. Ndc4 Qc7 12. Bf4 Nd5 13. Bg3 f5 14. Nd3 Qe7 15. Nxc5 Qxc5 16. Nd2 Ba6 17. c4 f4 18. Bh4 e3 19. Qa4 Nc7 20. Nf3 Rab8 21. b3 h6 22. fxe3 g5 23. Be1 fxe3 24. Bc3 e2+ 25. Rf2 Rbd8 26. Re1 Rd1 27. Qb4 Qe3 28. Bd2 Rxd2 29. Qxd2 Rxf3 30. Qd8+ Ne8 31. gxf3 g4 1-0

[Event "Las Palmas Insular-chT Primera-B 1617"]
[Site "Las Palmas"]
[Date "2016.10.29"]
[Round "2.2"]
[White "Perez Guerra, Raul"]
[Black "Diaz Suarez, Cayetano"]
[Result "0-1"]
[WhiteElo "1937"]
[BlackElo "1890"]
[PlyCount "70"]
[EventDate "2016.10.22"]
[EventType "team-tourn"]
[EventRounds "14"]
[EventCountry "ESP"]
[SourceTitle "EXT 2018"]
[Source "ChessBase"]
[SourceDate "2017.10.13"]
[SourceVersion "1"]
[SourceVersionDate "2017.10.13"]
[SourceQuality "1"]
[WhiteTeam "Fundacion La Caja de Canarias II"]
[BlackTeam "Guia Univac II"]
[WhiteTeamCountry "ESP"]
[BlackTeamCountry "ESP"]

1. e4 Nf6 2. e5 Nd5 3. Nc3 Nxc3 4. dxc3 d6 5. Bf4 Nc6 6. Bb5 a6 7. Ba4 Bd7 8. Bb3 dxe5 9. Bg3 e6 10. Nf3 Bd6 11. Qe2 f6 12. Nh4 Na5 13. Qh5+ Ke7 14. Qg4 Qg8 15. 0-0-0 Nxb3+ 16. axb3 g5 17. Nf3 h5 18. Qe4 Bc6 19. Qd3 Bxf3 20. Qxf3 h4 21. Qxb7 hxg3 22. Rxd6 Qc8 23. Qxc8 Raxc8 24. Rd3 gxh2 25. Rh3 Rxh3 26. gxh3 Rh8 27. Rxh2 g4 28. h4 f5 29. Kd2 Kf6 30. Ke3 Rd8 31. b4 f4+ 32. Ke4 Rd2 33. Rg2 g3 34. Kf3 gxf2 35. Rxf2 e4+ 0-1

[Event "Las Palmas Montalvo Memorial 9th"]
[Site "Las Palmas"]
[Date "2016.03.24"]
[Round "4"]
[White "Diaz Suarez, Cayetano"]
[Black "Garcia Cruz, Jose Manuel"]
[Result "1-0"]
[WhiteElo "1871"]
[BlackElo "1349"]
[PlyCount "113"]
[EventDate "2016.03.21"]
[EventType "swiss"]
[EventRounds "9"]
[EventCountry "ESP"]
[SourceTitle "CBM 171 Extra"]
[Source "ChessBase"]
[SourceDate "2016.04.26"]
[SourceVersion "1"]
[SourceVersionDate "2016.04.26"]
[SourceQuality "1"]

1. e4 d5 2. exd5 Qxd5 3. Nc3 Qa5 4. d4 c6 5. Nf3 Bg4 6. Be2 Nf6 7. 0-0 e6 8. h3 Bh5 9. Ne5 Bxe2 10. Nxe2 Nbd7 11. Nxd7 Nxd7 12. Nf4 0-0-0 13. c3 Nf6 14. b4 Qc7 15. Qb3 g5 16. Nxe6 fxe6 17. Qxe6+ Nd7 18. Bxg5 Qd6 19. Rfe1 Qxe6 20. Rxe6 Be7 21. Rxe7 Rdf8 22. Rae1 h6 23. Bd2 Nf6 24. Rg7 Re8 25. Ree7 Rxe7 26. Rxe7 Nd5 27. Re6 Kd7 28. Rg6 h5 29. Rg7+ Kc8 30. a4 Nb6 31. a5 Nd7 32. Re7 Rf8 33. Be3 a6 34. c4 Rg8 35. g3 Kd8 36. Rh7 b6 37. Rxh5 bxa5 38. Rxa5 Nb8 39. Bf4 Kd7 40. d5 cxd5 41. Rxd5+ Kc6 42. Rd6+ Kb7 43. c5 Nc6 44. Rd7+ Ka8 45. Bd2 Ne5 46. Rd6 Nf3+ 47. Kg2 Nxd2 48. Rxd2 Kb7 49. Rd6 Rc8 50. Rb6+ Ka7 51. Re6 Rc7 52. g4 a5 53. bxa5 Rxc5 54. a6 Rc7 55. h4 Rc4 56. Kg3 Rc3+ 57. f3 1-0

[Event "Las Palmas Insular-chT Pref"]
[Site "Las Palmas "]
[Date "2016.02.06"]
[Round "11.3"]
[White "Camino Carrio, Nicanor"]
[Black "Diaz Suarez, Cayetano"]
[Result "0-1"]
[WhiteElo "1984"]
[BlackElo "1857"]
[PlyCount "112"]
[EventDate "2015.10.17"]
[EventType "team-tourn"]
[EventRounds "14"]
[EventCountry "ESP"]
[SourceTitle "EXT 2017"]
[Source "ChessBase"]
[SourceDate "2016.10.25"]
[SourceVersion "1"]
[SourceVersionDate "2016.10.25"]
[SourceQuality "1"]
[WhiteTeam "Piscolabis Oleaje San Andres"]
[BlackTeam "Univacit Guia"]
[WhiteTeamCountry "ESP"]
[BlackTeamCountry "ESP"]

1. e4 e5 2. Nf3 Nc6 3. Bb5 d6 4. d4 exd4 5. Nxd4 Bd7 6. Bxc6 Bxc6 7. Nc3 Nf6 8. Qf3 Qd7 9. h3 Be7 10. Bg5 0-0 11. 0-0-0 Nxe4 12. Bxe7 Qxe7 13. Nxc6 Qg5+ 14. Qe3 Qxe3+ 15. fxe3 Nxc3 16. Ne7+ Kh8 17. bxc3 Rfe8 18. Nd5 Rac8 19. Rhe1 f6 20. e4 Kg8 21. c4 Kf7 22. Nc3 Ke6 23. Kd2 Kd7 24. Re3 c6 25. Kc1 Kc7 26. Red3 Rcd8 27. c5 dxc5 28. Rxd8 Rxd8 29. Rxd8 Kxd8 30. Na4 b6 31. Kd2 Ke7 32. Ke3 Ke6 33. h4 g6 34. Nb2 b5 35. g4 c4 36. g5 f5 37. Kf4 fxe4 38. Kxe4 Kd6 39. Nd1 a5 40. Ne3 Kc5 41. Ke5 b4 42. Kf6 a4 43. Kg7 Kd4 44. Nd1 b3 45. cxb3 axb3 46. a3 c5 47. Kxh7 c3 48. h5 c4 49. hxg6 b2 50. Nxb2 cxb2 51. g7 b1Q+ 52. Kh6 Qh1+ 53. Kg6 Qe4+ 54. Kh6 Qe8 55. Kh7 Qh5+ 56. Kg8 Qxg5 0-1

[Event "Las Palmas Insular-chT Pref"]
[Site "Las Palmas "]
[Date "2015.11.07"]
[Round "2.4"]
[White "De la Hoz Sanchez, Ruben"]
[Black "Diaz Suarez, Cayetano"]
[Result "1/2-1/2"]
[WhiteElo "1942"]
[BlackElo "1857"]
[PlyCount "76"]
[EventDate "2015.10.17"]
[EventType "team-tourn"]
[EventRounds "14"]
[EventCountry "ESP"]
[SourceTitle "CBM 170 Extra"]
[Source "ChessBase"]
[SourceDate "2016.02.25"]
[SourceVersion "1"]
[SourceVersionDate "2016.02.25"]
[SourceQuality "1"]
[WhiteTeam "Hotel Avda de Canarias"]
[BlackTeam "Univacit Guia"]
[WhiteTeamCountry "ESP"]
[BlackTeamCountry "ESP"]

1. e4 e5 2. Nf3 d6 3. d4 Nf6 4. Nc3 Nbd7 5. Bg5 Be7 6. Bc4 0-0 7. Qd2 c6 8. a4 Qc7 9. 0-0 Nb6 10. Bb3 Bg4 11. dxe5 dxe5 12. Qe2 Rad8 13. Rad1 Nbd7 14. h3 Bh5 15. g4 Bg6 16. Nh4 Nc5 17. Nxg6 hxg6 18. Bc4 Nh7 19. Be3 Ng5 20. Bxg5 Bxg5 21. Qf3 Rde8 22. b3 Bf4 23. Ne2 g5 24. Ng3 g6 25. Rfe1 a6 26. Qc3 Qe7 27. a5 Rd8 28. Qf3 Kg7 29. b4 Nd7 30. c3 Nf6 31. Kg2 Rxd1 32. Rxd1 Rd8 33. Rd3 Rd6 34. Qd1 Ne8 35. Ne2 Rxd3 36. Qxd3 Nd6 37. Bb3 Nb5 38. Bc4 Nd6 1/2-1/2

[Event "Canarias-chT"]
[Site "Vecindario"]
[Date "2015.06.13"]
[Round "5.4"]
[White "Ramirez Medina, Victor"]
[Black "Diaz Suarez, Cayetano"]
[Result "1-0"]
[WhiteElo "2096"]
[BlackElo "1867"]
[PlyCount "55"]
[EventDate "2015.06.11"]
[EventType "team-swiss"]
[EventRounds "6"]
[EventCountry "ESP"]
[SourceTitle "EXT 2024"]
[Source "ChessBase"]
[SourceDate "2023.10.10"]
[SourceVersion "1"]
[SourceVersionDate "2023.10.10"]
[SourceQuality "1"]
[WhiteTeam "Hotel Avda de Canarias"]
[BlackTeam "Guia Univac"]
[WhiteTeamCountry "ESP"]
[BlackTeamCountry "ESP"]

1. e4 Nf6 2. e5 Nd5 3. d4 d6 4. Nf3 Bg4 5. Be2 e6 6. 0-0 Be7 7. c4 Nb6 8. Nc3 0-0 9. Be3 N8d7 10. exd6 cxd6 11. b3 Nc8 12. Rc1 a6 13. Re1 b6 14. Qd2 Ra7 15. h3 Bh5 16. d5 Bxf3 17. Bxf3 e5 18. g4 Re8 19. b4 Bf8 20. Bg2 Rc7 21. Qd3 h6 22. a4 Nb8 23. Rb1 Rb7 24. Ne4 Qd7 25. c5 Qxa4 26. c6 Nxc6 27. dxc6 Rc7 28. Nc3 1-0

[Event "Las Palmas Insular-chT Pref"]
[Site "Las Palmas"]
[Date "2015.03.07"]
[Round "9.3"]
[White "Menvielle Laccourreye, Augusto"]
[Black "Diaz Suarez, Cayetano"]
[Result "1-0"]
[WhiteElo "2138"]
[BlackElo "1867"]
[PlyCount "53"]
[EventDate "2014.11.22"]
[EventType "team-tourn"]
[EventRounds "14"]
[EventCountry "ESP"]
[SourceTitle "EXT 2016"]
[Source "ChessBase"]
[SourceDate "2015.10.08"]
[SourceVersion "1"]
[SourceVersionDate "2015.10.08"]
[SourceQuality "1"]
[WhiteTeam "La Caja de Canarias"]
[BlackTeam "Guia Univac"]
[WhiteTeamCountry "ESP"]
[BlackTeamCountry "ESP"]

1. e4 c5 2. Nf3 e6 3. d3 Nc6 4. g3 d6 5. Bg2 Be7 6. 0-0 Bd7 7. Re1 Bf6 8. c3 Nge7 9. d4 cxd4 10. cxd4 Ng6 11. h4 h6 12. Nc3 a6 13. h5 Nf8 14. e5 dxe5 15. dxe5 Be7 16. Ne4 Qc7 17. Be3 Rd8 18. Nd6+ Bxd6 19. exd6 Qa5 20. Nd4 Qb4 21. Nf5 f6 22. Rc1 Kf7 23. Ne7 Ne5 24. Rc7 Qxb2 25. Rxb7 Qxa2 26. Bb6 Re8 27. Rxe5 1-0

[Event "Gran Canaria Dominguez Memoral 1st"]
[Site "Gran Canaria"]
[Date "2014.04.03"]
[Round "6"]
[White "Rodriguez Muela, Juan Argelio"]
[Black "Diaz Suarez, Cayetano"]
[Result "0-1"]
[WhiteElo "1536"]
[BlackElo "1856"]
[PlyCount "72"]
[EventDate "2014.03.17"]
[EventType "swiss"]
[EventRounds "7"]
[EventCountry "ESP"]
[SourceTitle "EXT 2015"]
[Source "ChessBase"]
[SourceDate "2014.11.20"]
[SourceVersion "1"]
[SourceVersionDate "2014.11.20"]
[SourceQuality "1"]

1. e4 d6 2. d4 Nd7 3. Nf3 e6 4. Bb5 a6 5. Ba4 b5 6. Bb3 c5 7. c3 Bb7 8. Bc2 Ngf6 9. Bg5 h6 10. Bxf6 Qxf6 11. 0-0 Be7 12. Nbd2 0-0 13. Re1 e5 14. d5 c4 15. b4 Bd8 16. a4 Bb6 17. Qe2 Qe7 18. Kh1 g6 19. g3 Nf6 20. Nh4 Rae8 21. a5 Ba7 22. Rf1 Bc8 23. f4 exf4 24. Rxf4 Nxd5 25. Rff1 Ne3 26. Rfc1 Nxc2 27. Rxc2 Bb7 28. Re1 d5 29. Qg4 h5 30. Qd1 dxe4 31. Ng2 e3 32. Nf1 Qf6 33. Qc1 Qf3 34. Rce2 Re6 35. Qc2 Rf6 36. Kg1 Qf2+ 0-1

[Event "Gran Canaria Dominguez Memoral 1st"]
[Site "Gran Canaria"]
[Date "2014.03.24"]
[Round "3"]
[White "Julien Casteleiro, Ariel"]
[Black "Diaz Suarez, Cayetano"]
[Result "0-1"]
[WhiteElo "1633"]
[BlackElo "1856"]
[PlyCount "46"]
[EventDate "2014.03.17"]
[EventType "swiss"]
[EventRounds "7"]
[EventCountry "ESP"]
[SourceTitle "EXT 2015"]
[Source "ChessBase"]
[SourceDate "2014.11.20"]
[SourceVersion "1"]
[SourceVersionDate "2014.11.20"]
[SourceQuality "1"]

1. e4 Nf6 2. Nc3 d5 3. exd5 Nxd5 4. Nxd5 Qxd5 5. Qf3 Qe5+ 6. Qe3 Qxe3+ 7. dxe3 e5 8. e4 Be6 9. Nf3 Nd7 10. Be2 Bd6 11. Be3 f6 12. 0-0 Bc5 13. Bxc5 Nxc5 14. Nd2 0-0-0 15. Rfd1 Na4 16. Nc4 Bxc4 17. Bxc4 Nxb2 18. Be6+ Kb8 19. Rdb1 Na4 20. Rb4 Nc3 21. f3 Rd6 22. Bc4 Rd4 23. a3 a5 0-1

[Event "Gran Canaria Dominguez Memoral 1st"]
[Site "Gran Canaria"]
[Date "2014.03.20"]
[Round "2"]
[White "Diaz Suarez, Cayetano"]
[Black "Garcia Blanco, Omar"]
[Result "0-1"]
[WhiteElo "1856"]
[BlackElo "2302"]
[PlyCount "140"]
[EventDate "2014.03.17"]
[EventType "swiss"]
[EventRounds "7"]
[EventCountry "ESP"]
[SourceTitle "EXT 2015"]
[Source "ChessBase"]
[SourceDate "2014.11.20"]
[SourceVersion "1"]
[SourceVersionDate "2014.11.20"]
[SourceQuality "1"]

1. e4 c5 2. Nf3 e6 3. d3 d5 4. Nbd2 Nf6 5. g3 Nc6 6. Bg2 Be7 7. 0-0 Qc7 8. Re1 b6 9. Nf1 dxe4 10. dxe4 0-0 11. c3 Ba6 12. e5 Nd5 13. Qa4 Na5 14. Ne3 Nxe3 15. Bxe3 Bd3 16. Qg4 Bf5 17. Qf4 Rad8 18. g4 Bd3 19. b3 Rd7 20. Qg3 Rfd8 21. Ng5 Bxg5 22. Bxg5 Re8 23. Re3 Bg6 24. h4 h6 25. Bf4 Qd8 26. h5 Bc2 27. Bf3 Kh8 28. Kh2 Rd3 29. Rg1 Rxe3 30. Bxe3 f6 31. Rc1 Bh7 32. Rd1 Qe7 33. Bf4 Rf8 34. Kg2 fxe5 35. Bxe5 Rf7 36. Kg1 Qe8 37. Bc7 Nc6 38. Bxc6 Qxc6 39. Rd8+ Bg8 40. Be5 Rd7 41. Rxd7 Qxd7 42. Qf3 a6 43. g5 hxg5 44. h6 Qf7 45. hxg7+ Kh7 46. Qxf7 Bxf7 47. b4 cxb4 48. cxb4 Kg6 49. a3 Kf5 50. Bd4 b5 51. f3 e5 52. Bc3 e4 53. Kf2 Bd5 54. fxe4+ Kxe4 55. Ke2 Bc4+ 56. Kd1 g4 57. Bf6 g3 58. Be7 Kd3 59. Bc5 Kc3 60. Ke1 Kb3 61. g8Q Bxg8 62. Kf1 Bd5 63. Kg1 Kxa3 64. Bd6 g2 65. Bc5 Kb3 66. Kf2 Kc4 67. Bd6 a5 68. bxa5 b4 69. Be7 b3 70. Bf6 Kd3 0-1

[Event "Las Palmas Insular-chT Pref 1314"]
[Site "Agaete"]
[Date "2014.02.08"]
[Round "9.3"]
[White "Raluy Lopez, Marcos"]
[Black "Diaz Suarez, Cayetano"]
[Result "0-1"]
[WhiteElo "2028"]
[BlackElo "1850"]
[PlyCount "120"]
[EventDate "2013.11.09"]
[EventType "team-tourn"]
[EventRounds "14"]
[EventCountry "ESP"]
[SourceTitle "EXT 2015"]
[Source "ChessBase"]
[SourceDate "2014.11.20"]
[SourceVersion "1"]
[SourceVersionDate "2014.11.20"]
[SourceQuality "1"]
[WhiteTeam "Tres W"]
[BlackTeam "Univacit Guia"]
[WhiteTeamCountry "ESP"]
[BlackTeamCountry "ESP"]

1. d4 Nf6 2. c4 e6 3. Nc3 Bb4 4. e3 b6 5. Bd3 Bb7 6. Nf3 Ne4 7. Qc2 f5 8. 0-0 Bxc3 9. bxc3 0-0 10. Nd2 Ng5 11. f4 Nf7 12. Ba3 d6 13. e4 Nh6 14. Rae1 Rf6 15. Nf3 Nd7 16. exf5 exf5 17. Ng5 Nf8 18. Re2 Bc6 19. Rfe1 Bd7 20. c5 d5 21. cxb6 axb6 22. Be7 Qc8 23. Bxf6 gxf6 24. Nf3 Ng6 25. g3 b5 26. h4 Nf7 27. h5 Nf8 28. Qb3 Bc6 29. Qb4 Nd6 30. Qc5 Qb7 31. Nh4 Nd7 32. Qb4 Ra4 33. Re8+ Nf8 34. Rxf8+ Kxf8 35. Qc5 Bd7 36. Rb1 Kf7 37. Rb2 Ne4 38. Bxe4 fxe4 39. Ng2 Rc4 40. Qa3 Qc6 41. Rb3 Ra4 42. Qb2 Qc4 43. Ne3 Qd3 44. c4 Rb4 45. Rxb4 Qxe3+ 46. Kh2 dxc4 47. a4 Qd3 48. Qg2 bxa4 49. g4 c3 50. g5 Qd2 51. Rc4 Qxf4+ 52. Qg3 Qd2+ 53. Qg2 e3 54. Rxc3 Qxc3 55. g6+ hxg6 56. Qxg6+ Ke7 57. Qg7+ Ke6 58. Qg4+ Kd6 59. Qf4+ Kd5 60. Qf3+ Kxd4 0-1

[Event "Las Palmas Insular-chT Pref 1314"]
[Site "Agaete"]
[Date "2014.01.25"]
[Round "7.4"]
[White "Angel Acosta, Juan Carlos"]
[Black "Diaz Suarez, Cayetano"]
[Result "1-0"]
[WhiteElo "2148"]
[BlackElo "1850"]
[PlyCount "73"]
[EventDate "2013.11.09"]
[EventType "team-tourn"]
[EventRounds "14"]
[EventCountry "ESP"]
[SourceTitle "EXT 2015"]
[Source "ChessBase"]
[SourceDate "2014.11.20"]
[SourceVersion "1"]
[SourceVersionDate "2014.11.20"]
[SourceQuality "1"]
[WhiteTeam "La Caja de Canarias"]
[BlackTeam "Univacit Guia"]
[WhiteTeamCountry "ESP"]
[BlackTeamCountry "ESP"]

1. d4 Nf6 2. Nf3 e6 3. c4 b6 4. g3 Bb7 5. Bg2 Be7 6. 0-0 0-0 7. d5 exd5 8. Nh4 Ne4 9. cxd5 Bxh4 10. Bxe4 Bf6 11. Qc2 g6 12. Nc3 Na6 13. d6 c6 14. h4 Nc5 15. Bf3 a5 16. Be3 Ne6 17. Rad1 a4 18. Nxa4 b5 19. Nc3 Bxc3 20. Qxc3 Rxa2 21. h5 g5 22. Be4 f5 23. Bb1 Ra4 24. b3 b4 25. Qc2 Ra5 26. Bc1 Rc5 27. Qd2 Rb5 28. Bb2 Qe8 29. Kg2 Qxh5 30. Rh1 Qg4 31. f3 Nf4+ 32. Kf2 Rd5 33. fxg4 Rxd2 34. Rxd2 fxg4 35. Bxh7+ Kf7 36. gxf4 gxf4 37. Be4 1-0

[Event "Las Palmas Insular-chT Pref qual"]
[Site "San Fernando"]
[Date "2013.04.13"]
[Round "2.4"]
[White "Marrero Lopez, Agustin"]
[Black "Diaz Suarez, Cayetano"]
[Result "0-1"]
[WhiteElo "1830"]
[BlackElo "1850"]
[PlyCount "76"]
[EventDate "2013.04.06"]
[EventType "team-tourn"]
[EventRounds "3"]
[EventCountry "ESP"]
[SourceTitle "EXT 2014"]
[Source "ChessBase"]
[SourceDate "2013.11.20"]
[SourceVersion "1"]
[SourceVersionDate "2013.11.20"]
[SourceQuality "1"]
[WhiteTeam "Maspalomas"]
[BlackTeam "Univacit Guia"]
[WhiteTeamCountry "ESP"]
[BlackTeamCountry "ESP"]

1. d4 d5 2. c4 e5 3. cxd5 Qxd5 4. Nc3 Bb4 5. e3 Nc6 6. Bd2 Bxc3 7. bxc3 e4 8. c4 Qg5 9. Qc2 Nf6 10. Ne2 0-0 11. Ng3 Re8 12. d5 Nb8 13. Bc3 c6 14. d6 Nbd7 15. Be2 h5 16. h4 Qg6 17. Qd1 Ng4 18. Nxh5 Nde5 19. Nf4 Qf6 20. Qd2 Be6 21. Qb2 Bf5 22. Rd1 Rad8 23. c5 Rd7 24. a4 Qh6 25. g3 Nd3+ 26. Bxd3 exd3 27. 0-0 g5 28. Ng2 Re6 29. f3 Nxe3 30. Nxe3 Rxe3 31. Rde1 Rxe1 32. Rxe1 Be6 33. hxg5 Qxg5 34. g4 Qxc5+ 35. Qf2 Qxc3 36. Qe3 Rxd6 37. Qg5+ Qg7 38. Qf4 Qd4+ 0-1

[Event "Las Palmas Montalvo Memorial 6th"]
[Site "Las Palmas"]
[Date "2013.03.28"]
[Round "5"]
[White "Julien Casteleiro, Ariel"]
[Black "Diaz Suarez, Cayetano"]
[Result "1-0"]
[WhiteElo "1586"]
[BlackElo "1848"]
[PlyCount "115"]
[EventDate "2013.03.25"]
[EventType "swiss"]
[EventRounds "9"]
[EventCountry "ESP"]
[SourceTitle "CBM 153 Extra"]
[Source "ChessBase"]
[SourceDate "2013.04.22"]
[SourceVersion "1"]
[SourceVersionDate "2013.04.22"]
[SourceQuality "1"]

1. d4 Nf6 2. Nc3 g6 3. e4 d6 4. Nf3 Bg7 5. Bg5 h6 6. Bxf6 Bxf6 7. e5 Bg7 8. Qd2 d5 9. Be2 b6 10. 0-0 e6 11. Rad1 0-0 12. Nb5 a6 13. Na3 c5 14. c3 c4 15. Nc2 Bd7 16. Ne3 Kh7 17. h3 a5 18. Ng4 b5 19. Rde1 b4 20. Bd1 h5 21. Ngh2 Bh6 22. Qe2 Na6 23. g4 h4 24. Kh1 Bf4 25. g5 Bxg5 26. Nxg5+ Qxg5 27. Rg1 Qe7 28. Bc2 Kg7 29. Ng4 Rh8 30. Nf6 Rh6 31. Rg4 Rah8 32. Reg1 Be8 33. f4 Nb8 34. f5 exf5 35. Bxf5 Kf8 36. Nxd5 Bc6 37. Be4 Qb7 38. Nf6 Bxe4+ 39. Qxe4 Qxe4+ 40. Rxe4 Ke7 41. cxb4 axb4 42. Nd5+ Ke6 43. Nxb4 Kf5 44. Reg4 Rc8 45. Rf1+ Ke6 46. Rf6+ Ke7 47. Rgf4 Rh7 48. d5 Rc5 49. Rb6 Nd7 50. Rb7 Kd8 51. Re4 Kc8 52. Ra7 Rh5 53. e6 fxe6 54. dxe6 Nf6 55. Rf4 Rhf5 56. Rxh4 Nh5 57. e7 Rce5 58. Rxc4+ 1-0